000 00743nam a2200241 a 4500
005 20260322212025.0
008 data
010 _a00-052464
020 _a0130899798 (pbk.)
020 _a9780130899798 (pbk.)
040 _aDonation
092 _a700 P69 2002
100 1 _aPreble, Duane.
245 1 0 _aArtforms :
_ban introduction to the visual arts
_cDuane Preble, Sarah Preble ; revised by Patrick Frank.
250 _a7th ed.
260 _aUpper Saddle River, NJ
_bPrentice Hall
_cc2002
300 _axii, 524 p. :
_b ill. (some col.), maps ;
_c 28 cm. +
500 _aIncludes bibliographical references (p. 511-512) and index.
650 0 2 _aArt
_xhistory
700 1 _aFrank, Patrick,
_d1953-
700 1 _aPreble, Sarah.
001 data
999 _c573
_d573